| 000 | 01249cam a22003737a 4500 | ||
|---|---|---|---|
| 003 | CHAP | ||
| 005 | 20220329141650.0 | ||
| 008 | 971013s1910 r 00010 d | ||
| 010 | _a71862 | ||
| 011 | _a72834 | ||
| 035 | _a82390 | ||
| 040 | _cCHAP | ||
| 090 | _aFolleto 5956 | ||
| 100 | 0 | 0 |
_aGándara, Guillermo. _948392 |
| 245 | 0 | _aInforme de la comisión desempeñada por el Sr. Gándara en Jamiltepec, Oaxaca para combatir una plaga de gusanos en el algodón | |
| 260 |
_aMéxico. Estación Agrícola Central, _c1910 |
||
| 300 | _a19 p. | ||
| 410 | _aEstación Agrícola Central | ||
| 490 | 0 |
_aBoletín _v; 43 |
|
| 590 |
_aBATCH-UPD _b10 _c20130110 _lUCH01 _h0218 |
||
| 590 |
_aBATCH-UPD _b10 _c20130110 _lUCH01 _h1625 |
||
| 590 |
_aBATCH-UPD _b10 _c20130410 _lUCH01 _h1019 |
||
| 590 |
_aBATCH-UPD _b10 _c20130913 _lUCH01 _h2339 |
||
| 590 |
_aBATCH-UPD _b10 _c20130914 _lUCH01 _h1629 |
||
| 590 |
_aCONVERSION _b10 _c20130109 _lUCH01 _h1339 |
||
| 650 | 1 | 4 |
_aAlabama argillacea. _93298 |
| 650 | 1 | 4 |
_aAlgodon _xOaxaca. _94043 |
| 650 | 1 | 4 |
_aAlgodón _xPlagas. _94046 |
| 810 | 0 | 0 |
_aEstación Agrícola Central _938201 |
| 830 | 0 |
_aBoletín _v; 43 _913507 |
|
| 901 | _aBK | ||
| 942 | _cFOLL | ||
| 949 |
_aFolleto 5966 _bBC _cBPP _d-36437 _eBPP _i82390 _mD _si |
||
| 999 |
_c71862 _d71862 |
||